书目信息 |
| 题名: |
小儿推拿疗法
|
|
| 作者: | ;湘西土家族苗族自治州卫生学校 编 | |
| 分册: | ||
| 出版信息: | 长沙 湖南人民出版社 1975 |
|
| 页数: | 62页 | |
| 开本: | 19cm | |
| 丛书名: | ||
| 单 册: | ||
| 中图分类: | R244.1 | |
| 科图分类: | ||
| 主题词: | 按摩疗法(中医) | |
| 电子资源: | ||
| ISBN: | ||
| 000 | 00760nam0 2200229 45 | |
| 001 | 0175003895 | |
| 005 | 20060810171037.45 | |
| 010 | @dCNY0.17 | |
| 100 | @a19951011d1975 em y0chiy0121 ea | |
| 101 | 0 | @achi |
| 102 | @aCN@b430000 | |
| 105 | @ay z 000yy | |
| 200 | 10 | @a小儿推拿疗法@Axiao er tui na liao fa@f湘西土家族苗族自治州卫生学校编@Fxiang xi tu jia zu miao zu zi zhi zhou wei sheng xue xiao bian |
| 210 | @a长沙@c湖南人民出版社@d1975 | |
| 215 | @a62页@d19cm | |
| 300 | @a书后附有推拿疗法歌诀 | |
| 606 | @a按摩疗法(中医) | |
| 690 | @aR244.1@v3 | |
| 711 | 02 | @a湘西土家族苗族自治州卫生学校@Axiang xi tu jia zu miao zu zi zhi zhou wei sheng xue xiao@4编 |
| 801 | 0 | @aCN@bTSSF@c20060810 |
| 801 | 2 | @aCN@bNLC@c20060810 |
| 905 | @a10447@dR244.1@e151 | |
| 小儿推拿疗法/湘西土家族苗族自治州卫生学校编.-长沙:湖南人民出版社,1975 |
| 62页;19cm |
| 书后附有推拿疗法歌诀 |
| ISBN :CNY0.17 |
| ● |
| 相关链接 |
|
|
|
|
正题名:小儿推拿疗法
索取号:R244.1/151
 
预约/预借
| 序号 | 登录号 | 条形码 | 馆藏地/架位号 | 状态 | 备注 |
| 1 | 0014452 | 202187301 | 密集书库/ [索取号:R244.1/151] | 在馆 | |
| 2 | 0451971 | 204519716 | 密集书库/ [索取号:R244.1/151] | 在馆 | |
| 3 | 0451974 | 204519743 | 密集书库/ [索取号:R244.1/151] | 在馆 | |
| 4 | 0452191 | 204521918 | 密集书库/ [索取号:R244.1/151] | 在馆 |